CLINICAL OBSTETRICE (Record no. 2384)

MARC details
000 -LEADER
fixed length control field 00363nam a2200133Ia 4500
008 - FIXED-LENGTH DATA ELEMENTS--GENERAL INFORMATION
fixed length control field 220530s9999 xx 000 0 und d
020 ## - INTERNATIONAL STANDARD BOOK NUMBER
International Standard Book Number 9788173719530
100 ## - MAIN ENTRY--PERSONAL NAME
Personal name MUDLIIAR
9 (RLIN) 61005
245 ## - TITLE STATEMENT
Title CLINICAL OBSTETRICE
250 ## - EDITION STATEMENT
Edition statement FIRST
260 ## - PUBLICATION, DISTRIBUTION, ETC. (IMPRINT)
Place of publication, distribution, etc. HYDRABADE
Name of publisher, distributor, etc. UNIVERSITY PRESS (INDIA) PRIVATE LIMITED,HYDERABAD
Date of publication, distribution, etc. 2004
650 ## - SUBJECT ADDED ENTRY--TOPICAL TERM
Topical term or geographic name as entry element MIDWIFERY
9 (RLIN) 61006
Holdings
Withdrawn status Lost status Damaged status Not for loan Home library Current library Date acquired Vendor Cost, normal purchase price Total Checkouts Barcode Date last seen Date last checked out Bill Date Koha item type Original Barcode
        Sitabai Nargundkar College of Nursing Nagpur Sitabai Nargundkar College of Nursing Nagpur 03/08/2014 TEXTBOOK DONATED ORIENTAL WATCHMAN 575.00 2 SNCN-BK-1415 11/06/2024 30/05/2024 31/05/2022 Donated Book 1415